Pre-Teen Marvel Heroes by Picture - Statistics

General Stats
  • This quiz has been taken 14 times
  • The average score is 8 of 12
Answer Stats
Picture Answer % Correct
Franklin Richards
92%
Moon Girl
85%
Valeria Richards
85%
Spider-Boy
77%
Honey Badger
69%
Lightspeed
69%
Energizer
62%
Mass Master
62%
Zero-G
62%
Molly Hayes
46%
Crescent
38%
Kid Kree
8%
No matching quizzes found
Score Distribution
Percent of People with Each Score
Percentile by Number Answered
Your Score History
You have not taken this quiz